| 000 | 01055cam a2200217 4500 | ||
|---|---|---|---|
| 001 | ##L131915 | ||
| 008 | 051215n2002 000 0 eng u | ||
| 020 | _a186081591X | ||
| 035 | _a(Sirsi) u131915 | ||
| 041 | 0 | _aeng | |
| 050 | 0 | 4 | _a693.5 $2 18 |
| 100 | 1 | _aDunster, Andrew | |
| 245 | 0 | 0 |
_aHAC concrete in the UK _bassessment, durability management, maintenance and refurbishment |
| 260 |
_aLondon _bBRE _c2002 |
||
| 300 |
_a19p _bill, tables _c30cm |
||
| 490 | 0 |
_aBRE Special Digest _vSD 3 |
|
| 520 | _aExplains current guidance for the assessment of HAC concrete construction, including developments and experience since 1975, and describes testing regimes to identify HACC and check for cases of chemical attack. Assesses the current level of protection afforded to the reinforcement, and gives advice on durability management, maintenance and refurbishment. | ||
| 520 | _aSupersedes BRE Digest 392 (ISBN 0851256252) | ||
| 690 | _aBUILT ENVIRONMENT-BUILDING MATERIALS-CEMENTITIOUS, CONCRETE AND MINERAL BOUND MATERIALS-CONCRETE | ||
| 942 | _n0 | ||
| 999 |
_c104899 _d104899 |
||